LEADER 01099nam 2200349Ka 450 001 9910696284903321 005 20071026162715.0 035 $a(CKB)5470000002375969 035 $a(OCoLC)177240980 035 $a(EXLCZ)995470000002375969 100 $a20071026d1983 ua 0 101 0 $aeng 181 $ctxt$2rdacontent 182 $cc$2rdamedia 183 $acr$2rdacarrier 200 10$aOscillating wind energy conversion systems$b[electronic resource] /$fPeter South, Richard Mitchell 210 1$aGolden, Colo. :$cSolar Energy Research Institute,$d[1983] 215 $av, 19 pages $cdigital, PDF file 225 1 $aSERI/TR ;$v211-1911 300 $aTitle from title screen (viewed Oct. 25, 2007). 300 $a"December 1983." 606 $aWind power 615 0$aWind power. 700 $aSouth$b Peter$01419880 701 $aMitchell$b Richard$026455 712 02$aSolar Energy Research Institute. 801 0$bGPO 801 1$bGPO 906 $aBOOK 912 $a9910696284903321 996 $aOscillating wind energy conversion systems$93535837 997 $aUNINA